| 000 | 00704 a2200193 4500 | ||
|---|---|---|---|
| 999 |
_c6224 _d6224 |
||
| 020 | _a9780857851857 | ||
| 050 | _aTT507 FAR 2015 | ||
| 100 |
_aFarley Gordon, Jennifer _eauthor |
||
| 245 |
_aSustainable fashion : _bpast, present, and future / _cJennifer Farley Gordon and Colleen Hill |
||
| 264 |
_aLondon ; New York, NY : _bBloomsbury Academic, _c 2015. |
||
| 300 |
_a237p. : _bill. (col.) |
||
| 500 | _aIncludes bibliographical references and index | ||
| 650 |
_aFashion design _xEnvironmental aspects |
||
| 650 |
_aFashion design _xHistory |
||
| 650 |
_aFashion design _xMoral and ethical aspects |
||
| 650 | _aSustainable design | ||
| 700 |
_aHill, Colleen _eauthor |
||
| 942 |
_2lcc _cBK _h507 _iFAR _kTT |
||